| Tag |
First Indicator |
Second Indicator |
Subfields |
| LEADER |
00000cam a22000001a 4500 |
| 001 |
in00003781401 |
| 005 |
20190408184735.0 |
| 006 |
m o d f |
| 007 |
cr bn mmmapmmp |
| 008 |
040322s1928 dcu o f000 0 eng d |
| 035 |
|
|
|a ebd1910511103
|
| 040 |
|
|
|a UMI
|c UMI
|d UtOrBLW
|
| 086 |
0 |
|
|a A 22.2:C 59
|
| 099 |
|
|
|a A22.2-16
|
| 245 |
0 |
0 |
|a Report of plan of highway improvement in regional area of Cleveland, Ohio, based on survey of highway traffic.
|
| 264 |
|
1 |
|a Washington :
|b [publisher not identified],
|c 1928.
|
| 300 |
|
|
|a 1 online resource (187 pages)
|
| 336 |
|
|
|a text
|b txt
|2 rdacontent
|
| 337 |
|
|
|a computer
|b c
|2 rdamedia
|
| 338 |
|
|
|a online resource
|b cr
|2 rdacarrier
|
| 500 |
|
|
|a [with detailed data on population, highway mileage, current and estimated traffic, truck capacities, travel times and speeds, vehicle registrations, and proposed construction; by selected locality and route].
|
| 500 |
|
|
|a Record is based on bibliographic data in ProQuest U.S. Executive Branch Documents, 1910-1932. Reuse except for individual research requires license from ProQuest, LLC.
|
| 533 |
|
|
|a Electronic reproduction.
|b [Bethesda, Md.] :
|c ProQuest,
|d 2012.
|e digital, PDF file.
|n ProQuest U.S. Executive Branch Documents, 1910-1932.
|n Mode of access: World Wide Web via ProQuest website.
|
| 538 |
|
|
|a System requirements: PDF reader software.
|
| 500 |
|
|
|a Electronic resource.
|
| 610 |
1 |
0 |
|a United States.
|b Bureau of Public Roads.
|0 http://id.loc.gov/authorities/names/n79042046
|
| 650 |
|
0 |
|a Automobiles.
|0 http://id.loc.gov/authorities/subjects/sh85010201
|
| 650 |
|
0 |
|a Roads.
|0 http://id.loc.gov/authorities/subjects/sh85114487
|
| 650 |
|
0 |
|a Traffic engineering.
|0 http://id.loc.gov/authorities/subjects/sh85136766
|
| 651 |
|
0 |
|a Cleveland (Ohio)
|0 http://id.loc.gov/authorities/names/n79086863
|
| 651 |
|
0 |
|a Cuyahoga County (Ohio)
|0 http://id.loc.gov/authorities/names/n50046728
|
| 651 |
|
0 |
|a Lake County (Ohio)
|0 http://id.loc.gov/authorities/names/n79072735
|
| 655 |
|
7 |
|a Electronic books.
|2 local
|
| 710 |
1 |
|
|a United States.
|b Bureau of Public Roads.
|0 http://id.loc.gov/authorities/names/n79042046
|
| 776 |
1 |
8 |
|i Microfiche version:
|t Report of plan of highway improvement in regional area of Cleveland, Ohio, based on survey of highway traffic
|o CIS US Exec MF A22.2-16
|w (ProQuest)cis19156716
|
| 856 |
4 |
0 |
|u http://proxy.library.tamu.edu/login?url=http://congressional.proquest.com/congressional/docview/t66.d71.a22.2-16
|z Connect to the full text of this electronic document
|t 0
|
| 999 |
f |
f |
|s e66b06aa-36a0-3135-b3ff-bf8b8ac5c9e0
|i e681f6a1-a3e0-3fc1-a995-f936033121a4
|t 0
|
| 952 |
f |
f |
|a Texas A&M University
|b College Station
|c Electronic Resources
|d Available Online
|t 0
|h No information provided
|
| 998 |
f |
f |
|t 0
|l Available Online
|